Logo BPK

Biblioteka

Politechniki Koszalińskiej

Tablice do obliczeń hydraulicznych : (Rekord nr 42679)

Szczegóły MARC
000 -ETYKIETA REKORDU
podpole kontrolne o stałej długości 00842nam a2200265 i 4500
001 - NUMER KONTROLNY REKORDU
pole kontrolne bg
020 ## - MIĘDZYNARODOWY ZNORMALIZOWANY NUMER KSIĄŻKI - ISBN
ISBN 8372422206
040 ## - ŹRÓDŁO KATALOGOWANIA
Instytucja, która utworzyła rekord BPK
041 0# - KOD JĘZYKA
Kod języka tekstu pol
080 ## - UNIWERSALNA KLASYFIKACJA DZIESIĘTNA - UKD
UKD 532.5(083)
920 ## - Międzynarodowy znormalizowany numer książki – ISBN
ISBN 83-7242-220-6
008 - POLE O STAŁEJ DŁUGOŚCI - DANE KONTROLNE
podpole kontrolne o stałej długości s pl f |000 0 pol
100 1# - NAZWA OSOBOWA
Nazwa osobowa KSIĄŻYŃSKI, Krzysztof W.
245 10 - TYTUŁ/ODPOWIEDZIALNOŚĆ
Tytuł Tablice do obliczeń hydraulicznych :
Ciąg dalszy tytułu pomoc dydaktyczna /
Pozostałe elementy strefy tytułu i oznaczenia odpowiedzialności Krzysztof W. Książyński, Piotr Jeż, Zofia Gręplowska ; Politechnika Krakowska im. Tadeusza Kościuszki.
250 ## - STREFA WYDANIA
Oznaczenie wydania Wyd. 3 popr.
260 ## - STREFA ADRESU WYDAWNICZEGO
Miejsce wydania Kraków :
Nazwa wydawcy/dystrybutora Wydaw. PK,
Data publikacji, dystrybucji/powstania dokumentu 2002.
300 ## - STREFA OPISU FIZYCZNEGO
Objętość 67 s., [1] k. tabl. złoż. :
Inne cechy fizyczne il. ;
Rozmiary 24 cm.
504 ## - UWAGA DOTYCZĄCA BIBLIOGRAFII
Informacje o bibliografii Bibliogr.
650 #9 - HASŁO PRZEDMIOTOWE W FORMIE NAZWY OGÓLNEJ LUB JEDNOSTKOWEJ
Nazwa ogólna lub geograficzna Hydraulika
655 ## - TERMIN INDEKSOWY - OKREŚLENIE RODZAJU/FORMY DOKUMENTU
Określenie rodzaju/formy dokumentu Tablice i wzory
700 1# - HASŁO DODATKOWE - NAZWA OSOBOWA
Nazwa osobowa JEŻ, Piotr
700 1# - HASŁO DODATKOWE - NAZWA OSOBOWA
Nazwa osobowa GRĘPLOWSKA, Zofia
710 #0 - HASŁO DODATKOWE - NAZWA CIAŁA ZBIOROWEGO
Nazwa ciała zbiorowego lub jednostki geograficznej Politechnika Krakowska im. Tadeusza Kościuszki
856 ## - LOKALIZACJA I DOSTĘP DO ELEKTRONICZNYCH DOKUMENTÓW ZDALNYCH
Link (URL) http://koha.tu.koszalin.pl/cgi-bin/koha/opac-detail.pl?biblionumber=42679
Tekst linku Katalog online BPK
942 ## - DODATKOWE ELEMENTY (KOHA)
Typ dokumentu Książka
Egzemplarze
Wycofany Status egzemplarza Uszkodzony Dostępność Lokalizacja stała Lokalizacja bieżąca Miejsce przechowywania Sygnatura Kod kreskowy Typ dokumentu
      Dostępny Biblioteka Politechniki Koszalińskiej Biblioteka Politechniki Koszalińskiej Wypożyczalnia BG 67070 01918656 Książka
© 2023 Biblioteka Politechniki Koszalińskiej :: KOHA